000 00344nam a2200133Ia 4500
008 230724s2007 xx und d
020 _a97800000000000
041 _aeng
082 _a727.047/R
100 _aFORD.A.
245 _aDESIGNING THE SUSTAINABLE SCHOOL
260 _bTHE IMAGES PUBLISHING,PVT.LTD,AUSTRALIA
_c2007
300 _a256
999 _c1177005
_d1177005